<?xml version="1.0" encoding="UTF-8"?>
<record
    xmlns:xsi="http://www.w3.org/2001/XMLSchema-instance"
    xsi:schemaLocation="http://www.loc.gov/MARC21/slim http://www.loc.gov/standards/marcxml/schema/MARC21slim.xsd"
    xmlns="http://www.loc.gov/MARC21/slim">

  <leader>01265nas a2200313 i 4500</leader>
  <controlfield tag="003">DO-SdBNP</controlfield>
  <controlfield tag="005">20251217112837.0</controlfield>
  <controlfield tag="007">ta</controlfield>
  <controlfield tag="008">251030c2021    dr qn|p|r||||||0| | spa d</controlfield>
  <datafield tag="022" ind1=" " ind2=" ">
    <subfield code="a">2737-6990</subfield>
  </datafield>
  <datafield tag="040" ind1=" " ind2=" ">
    <subfield code="a">DO-SdBNP</subfield>
    <subfield code="b">spa</subfield>
    <subfield code="c">BNPHU</subfield>
    <subfield code="e">rda</subfield>
  </datafield>
  <datafield tag="041" ind1=" " ind2=" ">
    <subfield code="a">spa</subfield>
  </datafield>
  <datafield tag="110" ind1=" " ind2=" ">
    <subfield code="a">Contemporan&#xED;a, SRL</subfield>
    <subfield code="9">88738</subfield>
  </datafield>
  <datafield tag="245" ind1=" " ind2=" ">
    <subfield code="a">Contemporan&#xED;a.</subfield>
  </datafield>
  <datafield tag="264" ind1=" " ind2=" ">
    <subfield code="a">Santo Domingo, Rep&#xFA;blica Dominicana : </subfield>
    <subfield code="b">Contemporan&#xED;a, </subfield>
    <subfield code="c">2021.</subfield>
  </datafield>
  <datafield tag="300" ind1=" " ind2=" ">
    <subfield code="a">volumen : </subfield>
    <subfield code="b">ilustraciones, fotograf&#xED;as, pinturas ; </subfield>
    <subfield code="c">30 cm.</subfield>
  </datafield>
  <datafield tag="310" ind1=" " ind2=" ">
    <subfield code="a">Trimestral.</subfield>
  </datafield>
  <datafield tag="336" ind1=" " ind2=" ">
    <subfield code="a">texto</subfield>
    <subfield code="b">txt</subfield>
    <subfield code="2">rdacontent</subfield>
  </datafield>
  <datafield tag="337" ind1=" " ind2=" ">
    <subfield code="a">sin mediaci&#xF3;n </subfield>
    <subfield code="b">n</subfield>
    <subfield code="2">rdamedia</subfield>
  </datafield>
  <datafield tag="338" ind1=" " ind2=" ">
    <subfield code="a">volumen</subfield>
    <subfield code="b">nc</subfield>
    <subfield code="2">rdacarrier</subfield>
  </datafield>
  <datafield tag="362" ind1=" " ind2=" ">
    <subfield code="a">Tercera etapa. N&#xFA;m. 16, sept-nov, 2021.</subfield>
  </datafield>
  <datafield tag="500" ind1=" " ind2=" ">
    <subfield code="a">Catalogaci&#xF3;n basada en el volumen: Tercera etapa. N&#xFA;m. 16, sept-nov, 2021.</subfield>
  </datafield>
  <datafield tag="500" ind1=" " ind2=" ">
    <subfield code="a">Esta publicaci&#xF3;n est&#xE1; en versi&#xF3;n ingl&#xE9;s y espa&#xF1;ol.</subfield>
  </datafield>
  <datafield tag="500" ind1=" " ind2=" ">
    <subfield code="a">Revista de divulgaci&#xF3;n cient&#xED;fica y cultural.</subfield>
  </datafield>
  <datafield tag="650" ind1=" " ind2="0">
    <subfield code="a">Artes y Humanidades, Multidisciplinarias</subfield>
    <subfield code="9">88739</subfield>
    <subfield code="v">Publicaciones peri&#xF3;dicas</subfield>
    <subfield code="z">Rep&#xFA;blica Dominicana</subfield>
  </datafield>
  <datafield tag="650" ind1=" " ind2="0">
    <subfield code="a">Arte contempor&#xE1;neo</subfield>
    <subfield code="9">19845</subfield>
    <subfield code="v">Publicaciones peri&#xF3;dicas</subfield>
    <subfield code="z">Rep&#xFA;blica Dominicana</subfield>
  </datafield>
  <datafield tag="650" ind1=" " ind2="0">
    <subfield code="a">Arte, Multidisciplinarias</subfield>
    <subfield code="9">88740</subfield>
    <subfield code="v">Publicaciones peri&#xF3;dicas</subfield>
    <subfield code="z">Rep&#xFA;blica Dominicana</subfield>
  </datafield>
  <datafield tag="942" ind1=" " ind2=" ">
    <subfield code="2">ddc</subfield>
    <subfield code="c">ISSUE</subfield>
  </datafield>
  <datafield tag="952" ind1=" " ind2=" ">
    <subfield code="0">0</subfield>
    <subfield code="1">0</subfield>
    <subfield code="2">ddc</subfield>
    <subfield code="4">0</subfield>
    <subfield code="5">6</subfield>
    <subfield code="7">0</subfield>
    <subfield code="8">SE</subfield>
    <subfield code="a">BNPHU</subfield>
    <subfield code="b">BNPHU</subfield>
    <subfield code="d">2025-10-30</subfield>
    <subfield code="h">Tercera etapa. N&#xFA;m. 16, sept-nov, 2021</subfield>
    <subfield code="l">0</subfield>
    <subfield code="p">2025-12221</subfield>
    <subfield code="r">2025-10-30</subfield>
    <subfield code="t">e.1</subfield>
    <subfield code="w">2025-10-30</subfield>
    <subfield code="y">ISSUE</subfield>
    <subfield code="z">Revista de Divulgaci&#xF3;n Cient&#xED;fica y Cultural.</subfield>
  </datafield>
  <datafield tag="952" ind1=" " ind2=" ">
    <subfield code="0">0</subfield>
    <subfield code="1">0</subfield>
    <subfield code="2">ddc</subfield>
    <subfield code="4">0</subfield>
    <subfield code="5">6</subfield>
    <subfield code="7">0</subfield>
    <subfield code="8">SE</subfield>
    <subfield code="a">BNPHU</subfield>
    <subfield code="b">BNPHU</subfield>
    <subfield code="d">2025-10-30</subfield>
    <subfield code="h">Tercera etapa. N&#xFA;m. 16, sept-nov, 2021</subfield>
    <subfield code="l">0</subfield>
    <subfield code="p">2025-12222</subfield>
    <subfield code="r">2025-10-30</subfield>
    <subfield code="t">e.2</subfield>
    <subfield code="w">2025-10-30</subfield>
    <subfield code="y">ISSUE</subfield>
    <subfield code="z">Revista de Divulgaci&#xF3;n Cient&#xED;fica y Cultural.</subfield>
  </datafield>
  <datafield tag="952" ind1=" " ind2=" ">
    <subfield code="0">0</subfield>
    <subfield code="1">0</subfield>
    <subfield code="2">ddc</subfield>
    <subfield code="4">0</subfield>
    <subfield code="5">6</subfield>
    <subfield code="7">0</subfield>
    <subfield code="8">SE</subfield>
    <subfield code="a">BNPHU</subfield>
    <subfield code="b">BNPHU</subfield>
    <subfield code="d">2025-10-30</subfield>
    <subfield code="h">Tercera etapa. N&#xFA;m. 16, sept-nov, 2021</subfield>
    <subfield code="l">0</subfield>
    <subfield code="p">2025-12223</subfield>
    <subfield code="r">2025-10-30</subfield>
    <subfield code="t">e.3</subfield>
    <subfield code="w">2025-10-30</subfield>
    <subfield code="y">ISSUE</subfield>
    <subfield code="z">Revista de Divulgaci&#xF3;n Cient&#xED;fica y Cultural.</subfield>
  </datafield>
  <datafield tag="952" ind1=" " ind2=" ">
    <subfield code="0">0</subfield>
    <subfield code="1">0</subfield>
    <subfield code="2">ddc</subfield>
    <subfield code="4">0</subfield>
    <subfield code="5">6</subfield>
    <subfield code="7">0</subfield>
    <subfield code="8">SE</subfield>
    <subfield code="a">BNPHU</subfield>
    <subfield code="b">BNPHU</subfield>
    <subfield code="d">2025-10-30</subfield>
    <subfield code="h">Tercera etapa. N&#xFA;m. 17, dic 2021-feb, 2022</subfield>
    <subfield code="l">0</subfield>
    <subfield code="p">2025-12225</subfield>
    <subfield code="r">2025-10-30</subfield>
    <subfield code="t">e.1</subfield>
    <subfield code="w">2025-10-30</subfield>
    <subfield code="y">ISSUE</subfield>
    <subfield code="z">Revista de Divulgaci&#xF3;n Cient&#xED;fica y Cultural.</subfield>
  </datafield>
  <datafield tag="952" ind1=" " ind2=" ">
    <subfield code="0">0</subfield>
    <subfield code="1">0</subfield>
    <subfield code="2">ddc</subfield>
    <subfield code="4">0</subfield>
    <subfield code="5">6</subfield>
    <subfield code="7">0</subfield>
    <subfield code="8">SE</subfield>
    <subfield code="a">BNPHU</subfield>
    <subfield code="b">BNPHU</subfield>
    <subfield code="d">2025-10-30</subfield>
    <subfield code="h">Tercera etapa. N&#xFA;m. 17, dic 2021-feb, 2022</subfield>
    <subfield code="l">0</subfield>
    <subfield code="p">2025-12226</subfield>
    <subfield code="r">2025-10-30</subfield>
    <subfield code="t">e.2</subfield>
    <subfield code="w">2025-10-30</subfield>
    <subfield code="y">ISSUE</subfield>
    <subfield code="z">Revista de Divulgaci&#xF3;n Cient&#xED;fica y Cultural.</subfield>
  </datafield>
  <datafield tag="952" ind1=" " ind2=" ">
    <subfield code="0">0</subfield>
    <subfield code="1">0</subfield>
    <subfield code="2">ddc</subfield>
    <subfield code="4">0</subfield>
    <subfield code="5">6</subfield>
    <subfield code="7">0</subfield>
    <subfield code="8">SE</subfield>
    <subfield code="a">BNPHU</subfield>
    <subfield code="b">BNPHU</subfield>
    <subfield code="d">2025-10-30</subfield>
    <subfield code="h">Tercera etapa. N&#xFA;m. 17, dic 2021-feb, 2022</subfield>
    <subfield code="l">0</subfield>
    <subfield code="p">2025-12227</subfield>
    <subfield code="r">2025-10-30</subfield>
    <subfield code="t">e.3</subfield>
    <subfield code="w">2025-10-30</subfield>
    <subfield code="y">ISSUE</subfield>
    <subfield code="z">Revista de Divulgaci&#xF3;n Cient&#xED;fica y Cultural.</subfield>
  </datafield>
  <datafield tag="952" ind1=" " ind2=" ">
    <subfield code="0">0</subfield>
    <subfield code="1">0</subfield>
    <subfield code="2">ddc</subfield>
    <subfield code="4">0</subfield>
    <subfield code="5">6</subfield>
    <subfield code="7">0</subfield>
    <subfield code="8">SE</subfield>
    <subfield code="a">BNPHU</subfield>
    <subfield code="b">BNPHU</subfield>
    <subfield code="d">2025-10-30</subfield>
    <subfield code="h">Tercera etapa. N&#xFA;m. 19, junio-septiembre, 2022</subfield>
    <subfield code="l">0</subfield>
    <subfield code="p">2025-12229</subfield>
    <subfield code="r">2025-10-30</subfield>
    <subfield code="t">e.1</subfield>
    <subfield code="w">2025-10-30</subfield>
    <subfield code="y">ISSUE</subfield>
    <subfield code="z">Revista de Divulgaci&#xF3;n Cient&#xED;fica y Cultural.</subfield>
  </datafield>
  <datafield tag="952" ind1=" " ind2=" ">
    <subfield code="0">0</subfield>
    <subfield code="1">0</subfield>
    <subfield code="2">ddc</subfield>
    <subfield code="4">0</subfield>
    <subfield code="5">6</subfield>
    <subfield code="7">0</subfield>
    <subfield code="8">SE</subfield>
    <subfield code="a">BNPHU</subfield>
    <subfield code="b">BNPHU</subfield>
    <subfield code="d">2025-10-30</subfield>
    <subfield code="h">Tercera etapa. N&#xFA;m. 19, junio-septiembre, 2022</subfield>
    <subfield code="l">0</subfield>
    <subfield code="p">2025-12230</subfield>
    <subfield code="r">2025-10-30</subfield>
    <subfield code="t">e.2</subfield>
    <subfield code="w">2025-10-30</subfield>
    <subfield code="y">ISSUE</subfield>
    <subfield code="z">Revista de Divulgaci&#xF3;n Cient&#xED;fica y Cultural.</subfield>
  </datafield>
  <datafield tag="952" ind1=" " ind2=" ">
    <subfield code="0">0</subfield>
    <subfield code="1">0</subfield>
    <subfield code="2">ddc</subfield>
    <subfield code="4">0</subfield>
    <subfield code="5">6</subfield>
    <subfield code="7">0</subfield>
    <subfield code="8">SE</subfield>
    <subfield code="a">BNPHU</subfield>
    <subfield code="b">BNPHU</subfield>
    <subfield code="d">2025-10-30</subfield>
    <subfield code="h">Tercera etapa. N&#xFA;m. 19, junio-septiembre, 2022</subfield>
    <subfield code="l">0</subfield>
    <subfield code="p">2025-12231</subfield>
    <subfield code="r">2025-10-30</subfield>
    <subfield code="t">e.3</subfield>
    <subfield code="w">2025-10-30</subfield>
    <subfield code="y">ISSUE</subfield>
    <subfield code="z">Revista de Divulgaci&#xF3;n Cient&#xED;fica y Cultural.</subfield>
  </datafield>
  <datafield tag="952" ind1=" " ind2=" ">
    <subfield code="0">0</subfield>
    <subfield code="1">0</subfield>
    <subfield code="2">ddc</subfield>
    <subfield code="4">0</subfield>
    <subfield code="5">6</subfield>
    <subfield code="7">0</subfield>
    <subfield code="8">SE</subfield>
    <subfield code="a">BNPHU</subfield>
    <subfield code="b">BNPHU</subfield>
    <subfield code="d">2025-10-30</subfield>
    <subfield code="h">Tercera etapa. Vol. 27, N&#xFA;m. 29-30, enero-junio, 2025</subfield>
    <subfield code="l">0</subfield>
    <subfield code="p">2025-12233</subfield>
    <subfield code="r">2025-10-30</subfield>
    <subfield code="t">e.1</subfield>
    <subfield code="w">2025-10-30</subfield>
    <subfield code="y">ISSUE</subfield>
    <subfield code="z">Revista de Divulgaci&#xF3;n Cient&#xED;fica y Cultural.</subfield>
  </datafield>
  <datafield tag="952" ind1=" " ind2=" ">
    <subfield code="0">0</subfield>
    <subfield code="1">0</subfield>
    <subfield code="2">ddc</subfield>
    <subfield code="4">0</subfield>
    <subfield code="5">6</subfield>
    <subfield code="7">0</subfield>
    <subfield code="8">SE</subfield>
    <subfield code="a">BNPHU</subfield>
    <subfield code="b">BNPHU</subfield>
    <subfield code="d">2025-10-30</subfield>
    <subfield code="h">Tercera etapa. Vol. 27, N&#xFA;m. 29-30, enero-junio, 2025</subfield>
    <subfield code="l">0</subfield>
    <subfield code="p">2025-12234</subfield>
    <subfield code="r">2025-10-30</subfield>
    <subfield code="t">e.2</subfield>
    <subfield code="w">2025-10-30</subfield>
    <subfield code="y">ISSUE</subfield>
    <subfield code="z">Revista de Divulgaci&#xF3;n Cient&#xED;fica y Cultural.</subfield>
  </datafield>
  <datafield tag="952" ind1=" " ind2=" ">
    <subfield code="0">0</subfield>
    <subfield code="1">0</subfield>
    <subfield code="2">ddc</subfield>
    <subfield code="4">0</subfield>
    <subfield code="5">6</subfield>
    <subfield code="7">0</subfield>
    <subfield code="8">SE</subfield>
    <subfield code="a">BNPHU</subfield>
    <subfield code="b">BNPHU</subfield>
    <subfield code="d">2025-10-30</subfield>
    <subfield code="h">Tercera etapa. Vol. 27, N&#xFA;m. 29-30, enero-junio, 2025</subfield>
    <subfield code="l">0</subfield>
    <subfield code="p">2025-12235</subfield>
    <subfield code="r">2025-10-30</subfield>
    <subfield code="t">e.3</subfield>
    <subfield code="w">2025-10-30</subfield>
    <subfield code="y">ISSUE</subfield>
    <subfield code="z">Revista de Divulgaci&#xF3;n Cient&#xED;fica y Cultural.</subfield>
  </datafield>
  <datafield tag="999" ind1=" " ind2=" ">
    <subfield code="c">59988</subfield>
    <subfield code="d">59988</subfield>
  </datafield>
</record>
